000 00218nam a22000857a 4500
008 170116b xxu||||| |||| 00| 0 eng d
100 _92433
_aVedam.C.I.
245 _aComputer Era Next-5
260 _aNew Delhi
_bGood Look
_c2011
999 _c5473
_d5473